01161nam a2200217Ia 4500100002700000650001300027942000700040366000700047654001300054245005100067260003400118082001400152300000800166546001200174999001700186952014800203952014800351952014800499952014800647952014800795 aZheng Youlu/ Akhtar/S  aNetworks cBK f25 anetworks aNetworks for Computer Scientists and Engineers bOxford university pressc2002 a4.65bZHE a575 aENGLISH c29101d29101 001040708CRCaCRCEbCRCEd2023-03-17eDharma Enterprisesg350.00i3753 dt 05/01/2010l0o4.65 ZHEp20299r2023-03-17v375.00w0000-00-00yBK 001040708CRCaCRCEbCRCEd2023-03-17eDharma Enterprisesg350.00i3753 dt 05/01/2010l0o4.65 ZHEp20300r2023-03-17v375.00w0000-00-00yBK 001040708CRCaCRCEbCRCEd2023-03-17eDharma Enterprisesg350.00i3753 dt 05/01/2010l0o4.65 ZHEp20301r2023-03-17v375.00w0000-00-00yBK 001040708CRCaCRCEbCRCEd2023-03-17eDharma Enterprisesg350.00i3753 dt 05/01/2010l0o4.65 ZHEp20302r2023-03-17v375.00w0000-00-00yBK 001040708CRCaCRCEbCRCEd2023-03-17eDharma Enterprisesg350.00i3753 dt 05/01/2010l0o4.65 ZHEp20303r2023-03-17v375.00w0000-00-00yBK